<101= 101> conselhos para a saúde das crianças (Registo nº 26469)

Detalhes MARC
000 -Etiqueta do registo
Valores 00828nam a2200265 4500
090 ## -
-- 26469
100 ## - Dados gerais de processamento
Dados gerais 20090512d1983 m y0pory5003
101 1# - Língua de publicação
-- por
-- fre
102 ## - País de publicação
-- PT
200 1# - Titulo e menção de responsabilidade
Título próprio <101= 101> conselhos para a saúde das crianças
Primeira menção de responsabilidade Guy de Montis, Jean-Pierre Chabrolle, Patrick Magd
Outras menções de responsabilidade trad. Helena do Nascimento Silva
205 ## - Menção da edição
Edição 2ª ed
210 ## - Publicação
Local de publicação Lisboa
Nome do editor Moraes
Data de publicação 1983 [D.L. 1985]
215 ## - Descrição física 
Paginação / Volumes 168, [5] p.
Dimensões 20 cm
225 2# - Colecção 
Título próprio da colecção Psicologia e pedagogia
300 ## - Notas gerais 
Texto da nota Tít. orig. 101 conseils pour la santé de vos enfants
675 ## - CDU
Notação 613.95
Edição med
Língua por
700 #1 - Autor principal (pessoa individual)
Apelido Montis
Nome Guy de
701 #1 - Co-autor principal (pessoa individual)
Apelido Chabrol
Nome Jean Pierre
Datas 1920-
-- 070
701 #1 - Co-autor principal (pessoa individual)
Apelido Magd
Nome Patrick
-- 070
702 #1 - Autor secundário (pessoa individual)
Apelido Silva
Nome Helena do Nascimento
-- 730
930 ## -
-- BE/CRE
999 ## -
-- Moraes
990 ## - Elementos KOHA
Tipo de documento Livro
995 ## - Localização e informação dos exemplares
-- 18
Exemplares
Situação do levantamento Estado Biblioteca de origem Biblioteca de empréstimo Código de barras Cota Permissão de empréstimo Tipo de documento
  Completo Biblioteca da Escola Básica e Secundária Dr Isidoro de Sousa Biblioteca da Escola Básica e Secundária Dr Isidoro de Sousa 1762EV 159.9 PED Disponível Livro




Powered by Koha